Naruto quiz - Statistics

General Stats
  • This quiz has been taken 160 times
    154 since last reset
  • The average score is 52 of 82
Answer Stats
Hint Answer % Correct
Only wood styleuser that is alive Yamato
98%
Jinchuriki Of Eight Tails Killer B
91%
Nine-Tails Name Kurama
88%
4th Hokage Minato
84%
Akatsuki Member with mask Tobi
83%
2nd Hokage Tobirama
82%
5th Hokage Tsunade
82%
Art is An Explosion! Deidara
81%
Most Famous Wood Style User/1st Hokage Hashirama
81%
3rd Hokage Hiruzen
81%
Snake man's assistant Kabuto
80%
Snake Man Orochimaru
80%
Member of Akatsuki that uses puppets Sasori
80%
5th Kazegkage Gaara
79%
Akatsuki Member that uses Samehada Kisame
79%
New Teammate of Team 7 Sai
79%
Kakashi's original jutsu Chidori
78%
Member of Akatsuki that loves Jashin Hidan
78%
Mother of Chakra Kaguya
78%
Copy Ninja of The Hidden Leaf/6th Hokage Kakashi Hatake
78%
Akatsuki Member that has Rinnegan Nagato
78%
Visual Prowess of the Uchiha Sharingan
78%
How Many Sharingan Does Danzo Has 10
77%
Sage Of Six Paths Name Hagoromo
77%
Member of Akatsuki that uses origami(paper) Konan
77%
Can Only Perform Taijutsu Rock Lee
77%
Main Character's Rival's Brother Itachi Uchiha
76%
Pervy Sage Jiraiya
76%
Taka Female Member With Medical Ninjutsu Karin
76%
Visual Prowess of the Hyuga Byakugan
75%
Member of Akatsuki that likes money Kakuzu
75%
He is Named After Konoha Village Konohamaru
75%
2nd Reincarnation of Indra/Main Character's Rival Sasuke Uchiha
75%
One-Tail Name Shukaku
75%
Main Character's Mom Kushina Uzumaki
74%
Founder of Akatsuki Yahiko
74%
Taka Member That Was The First To Have The Curse Mark Jugo
73%
Who Gave Nagato The Rinnengan Madara Uchiha
73%
Main Character's Dad Minato Namikaze
72%
Taka Member Who Uses Water Style Suigetsu
72%
Flytrap Akatsuki Member Zetsu
72%
Ice Release User Haku
69%
2nd Reincarnation of Asura/Main Character Naruto Uzumaki
69%
Kisame's Sword Samehada
66%
Name of Shizunes Pig Tonton
66%
Uchiha Clan's Dominate Chakara Nature Fire
64%
Humans That Have Tailed Beasts Sealed Within Them Jinchuriki
64%
Obito's Space–Time Ninjutsu Kamui
64%
What means Gaara's symbol on his forhead Love
64%
First Jinchuriki of Nine-Tails Mito Uzumaki
64%
Other Name for Reanimation Jutsu Edo Tensei
63%
First Hokage's Brother Tobirama Senju
63%
Eight-Tails Name Gyuki
61%
Evolution of Sharingan Mangekyo Sharingan
61%
4th Kazekage/Gaara's Father Rasa
61%
3rd Tsuchikage Onoki
60%
Ancestor of Uchiha Clan Indra
59%
Ancestor of Uzumaki and Senju Clan Asura
58%
Dark Naruto Menma
58%
Fires From The Hell Amaterasu
56%
Squad Leader of Team 8 Kurenai Yuhi
53%
Jutsu That Changes Destiny Izanagi
49%
Jutsu That Decides destiny Izanami
49%
Eye Techniques or Visual Jutsu Dojutsu
47%
Bloodline Limit Kekkei genkai
47%
Ancestor of Hyuga Clan Hamura
46%
Name of the lightning jutsu that sasuke used against itachi in their last battle Kirin
46%
Other Name for Almighty Push Shinra Tensei
42%
Hamura's eyes Tenseigan
40%
Might Dai's Nickname Eternal Genin
36%
From What Clan Is Kimimaro Kaguya clan
36%
Genjutsu That Traps The Entire World In An Illusion Infinite Tsukuyomi
34%
Genjutsu Capable of Manipulating Others Without Them Even Realizing it Kotoamatsukami
31%
Sealing Jutsu Used By Minato, To Seal Nine-Tails Reaper Death Seal
31%
Fūinjutsu Developed by The Second Hokage Flying Raijin
28%
Nature Transformation Created by Combining Water and Earth Release Wood release
28%
What Produces God Tree Chakra fruit
24%
Hashirama's brother that died as a kid Itama
24%
Advanced Level of Kekkei Genkai Kekkei Tota
23%
Sealing Sword owned by Itachi's Susanoo Totsuka blade
22%
Other Name for Planetary Devastation Chibaku Tensei
21%
Specialised Field of Jutsu That Involve The Use of Natural Energy Senjutsu
20%
No matching quizzes found
Score Distribution
Percent of People with Each Score
Percentile by Number Answered
Your Score History
You have not taken this quiz since the last reset